000 00251nam a22001097a 4500
008 170119b xxu||||| |||| 00| 0 eng d
020 _a9780130304551
041 _aeng
080 _a618.2
245 _aNURSING FUNDAMENTALS
_cHOGAN, M.A
942 _2udc
_cBK
999 _c3192
_d3192